<?xml version="1.0" encoding="UTF-8"?>
<collection xmlns="http://www.loc.gov/MARC21/slim">
    <record>
        <controlfield tag="001">88405</controlfield>
        <controlfield tag="005">20200415145253.0</controlfield>
        <datafield tag="024" ind1="8" ind2=" ">
            <subfield code="2">sideral</subfield>
            <subfield code="a">117015</subfield>
        </datafield>
        <datafield tag="037" ind1=" " ind2=" ">
            <subfield code="a">ART-2018-117015</subfield>
        </datafield>
        <datafield tag="041" ind1=" " ind2=" ">
            <subfield code="a">eng</subfield>
        </datafield>
        <datafield tag="100" ind1=" " ind2=" ">
            <subfield code="0">(orcid)0000-0003-2033-9792</subfield>
            <subfield code="a">Soler Costa, Rebeca</subfield>
            <subfield code="u">Universidad de Zaragoza</subfield>
        </datafield>
        <datafield tag="245" ind1=" " ind2=" ">
            <subfield code="a">Use of Web 2.0 Tools running a wiki for contents creation through cooperative groups</subfield>
        </datafield>
        <datafield tag="260" ind1=" " ind2=" ">
            <subfield code="c">2018</subfield>
        </datafield>
        <datafield tag="506" ind1="0" ind2=" ">
            <subfield code="a">Access copy available to the general public</subfield>
            <subfield code="f">Unrestricted</subfield>
        </datafield>
        <datafield tag="520" ind1="3" ind2=" ">
            <subfield code="a">Web 2.0 has generated a change in people’s attitudes ranging from static to dynamic thanks to the web tools that
allow users to share, collaborate and participate, generating contents in a cooperative way. This research aims to
identify whether the Wiki tool is suitable for contents creation, both theoretical and practical, following the
philosophy of cooperative groups, in students enrolled in the Master's Degree in Teacher Training in Compulsory
Secondary and Upper Secondary School Education, Vocational Training and Language Teaching in the Campus
of Ceuta (n = 73). The method is descriptive and correlational, carrying out an analysis from a mixed approach
(quantitative and qualitative). Two instruments were created to obtain the data: a questionnaire to evaluate the
Wiki application as a valid tool for the teaching-learning process (post); and a debate outline for the discussion
groups consisting of eight groups of 8 members, except one formed by 9. The quantitative results showed the
application favoured the class group participation, the inquiry, collaboration and learning and in fact it offers new
perspectives for the teaching process. The lack of time to properly develop the activity stands out as a negative
aspect. At a qualitative level the results showed that students were reluctant to apply a new educational
methodology, but as the classes progressed, they valued the action positively, considering the possibility of
applying them when they were teachers. As an improvement proposal they suggested to create smaller groups to
produce contents through the Wiki. We can conclude the Wiki application can be a valid tool for contents creation,
as long as it is applied in smaller groups.</subfield>
        </datafield>
        <datafield tag="540" ind1=" " ind2=" ">
            <subfield code="9">info:eu-repo/semantics/openAccess</subfield>
            <subfield code="a">All rights reserved</subfield>
            <subfield code="u">http://www.europeana.eu/rights/rr-f/</subfield>
        </datafield>
        <datafield tag="655" ind1=" " ind2="4">
            <subfield code="a">info:eu-repo/semantics/article</subfield>
            <subfield code="v">info:eu-repo/semantics/publishedVersion</subfield>
        </datafield>
        <datafield tag="700" ind1=" " ind2=" ">
            <subfield code="a">Moreno Guerrero, Antonio José</subfield>
        </datafield>
        <datafield tag="700" ind1=" " ind2=" ">
            <subfield code="a">Campos Soto, María Natalia</subfield>
        </datafield>
        <datafield tag="710" ind1="2" ind2=" ">
            <subfield code="1">4001</subfield>
            <subfield code="2">215</subfield>
            <subfield code="a">Universidad de Zaragoza</subfield>
            <subfield code="b">Dpto. Ciencias de la Educación</subfield>
            <subfield code="c">Área Didáctica y Organiz. Esc.</subfield>
        </datafield>
        <datafield tag="773" ind1=" " ind2=" ">
            <subfield code="g">2, Special Issue  (2018), 874-882</subfield>
            <subfield code="p">Turkish j. educational tech.</subfield>
            <subfield code="t">The turkish online journal of educational technology</subfield>
            <subfield code="x">2146-7242</subfield>
        </datafield>
        <datafield tag="856" ind1="4" ind2="1">
            <subfield code="u">http://www.tojet.net/</subfield>
            <subfield code="z">Texto completo de la revista</subfield>
        </datafield>
        <datafield tag="856" ind1="4" ind2=" ">
            <subfield code="s">1084249</subfield>
            <subfield code="u">http://zaguan.unizar.es/record/88405/files/texto_completo.pdf</subfield>
            <subfield code="y">Versión publicada</subfield>
        </datafield>
        <datafield tag="856" ind1="4" ind2=" ">
            <subfield code="s">606420</subfield>
            <subfield code="u">http://zaguan.unizar.es/record/88405/files/texto_completo.jpg?subformat=icon</subfield>
            <subfield code="x">icon</subfield>
            <subfield code="y">Versión publicada</subfield>
        </datafield>
        <datafield tag="909" ind1="C" ind2="O">
            <subfield code="o">oai:zaguan.unizar.es:88405</subfield>
            <subfield code="p">articulos</subfield>
            <subfield code="p">driver</subfield>
        </datafield>
        <datafield tag="951" ind1=" " ind2=" ">
            <subfield code="a">2020-04-15-13:05:56</subfield>
        </datafield>
        <datafield tag="980" ind1=" " ind2=" ">
            <subfield code="a">ARTICLE</subfield>
        </datafield>
    </record>

    
</collection>